Judging children as children (Record no. 238945)
[ view plain ]
| 000 -LEADER | |
|---|---|
| fixed length control field | 01811nam a22003614a 4500 |
| 082 04 - DEWEY DECIMAL CLASSIFICATION NUMBER | |
| Classification number | 345.73/08 |
| 100 1# - MAIN ENTRY--AUTHOR NAME | |
| Personal name | Corriero, Michael A. |
| 245 10 - TITLE STATEMENT | |
| Title | Judging children as children |
| 260 ## - PUBLICATION, DISTRIBUTION, ETC. (IMPRINT) | |
| Place of publication | Philadelphia, PA : |
| Name of publisher | Temple Unversity Press, |
| Year of publication | 2006. |
| 300 ## - PHYSICAL DESCRIPTION | |
| Number of Pages | xix, 212 p. |
| 505 0# - FORMATTED CONTENTS NOTE | |
| Formatted contents note | The proposition -- The nature of adolescence -- The criminal responsibility of juveniles -- Sentencing children tried in adult courts -- Our hardest to love children -- Interactive justice -- Fridays in the Youth Part / Caroline Joy DeBrovner -- The experiment that failed -- Creation of the Youth Part -- The Youth Part model -- A model juvenile justice system -- Juvenile justice policy reform. |
| 650 #0 - SUBJECT ADDED ENTRY--TOPICAL TERM | |
| Topical Term | Juvenile justice, Administration of |
| Topical Term | Juvenile corrections |
| 856 40 - ELECTRONIC LOCATION AND ACCESS | |
| Uniform Resource Identifier | http://site.ebrary.com/lib/rucke/Doc?id=10182533 |
No items available.
